Avtomatizacija upravlenija i prognozirovanija otraslej promyšlennosti
Gespeichert in:
| 1. Verfasser: | |
|---|---|
| Format: | Buch |
| Sprache: | Russisch |
| Veröffentlicht: |
Taškent
Fan
1984
|
| Tags: |
Keine Tags, Fügen Sie das erste Tag hinzu!
|
MARC
| LEADER | 00000nam a2200000 4500 | ||
|---|---|---|---|
| 001 | c110556 | ||
| 005 | 20041019155147.2 | ||
| 041 | 0 | |a rus | |
| 044 | |a UZ | ||
| 245 | 1 | 0 | |a Avtomatizacija upravlenija i prognozirovanija otraslej promyšlennosti |c Šuchrat Mirzachnedovič Kamilov |
| 264 | 1 | |a Taškent |b Fan |c 1984 | |
| 300 | |a 180 s. | ||
| 100 | 1 | |a Kamilov, Šuchrat Mirzachnedovič | |